Words in the Making / (Record no. 190883)

000 -LEADER
fixed length control field 00595 a2200169 4500
003 - CONTROL NUMBER IDENTIFIER
control field Nust
005 - DATE AND TIME OF LATEST TRANSACTION
control field 20230329130357.0
040 ## - CATALOGING SOURCE
Transcribing agency Nust
082 ## - DEWEY DECIMAL CLASSIFICATION NUMBER
Classification number 800,VAL
100 ## - MAIN ENTRY--PERSONAL NAME
Personal name Vallins, George Henry.
9 (RLIN) 38875
245 ## - TITLE STATEMENT
Title Words in the Making /
Statement of responsibility, etc. G. H. Vallins
260 ## - PUBLICATION, DISTRIBUTION, ETC.
Place of publication, distribution, etc. London,
Name of publisher, distributor, etc. A. & C. Black, ltd.,
Date of publication, distribution, etc. 1945
300 ## - PHYSICAL DESCRIPTION
Extent 96 p.
Other physical details 19 cm
505 ## - FORMATTED CONTENTS NOTE
Formatted contents note The Foundation (Page-7), A few Old Words (Page-20), The River of Words (Page-29), Change of Meaning (Page-50), Name-Words (Page-64), Spelling (Page-73), Grammar (page-87).
650 ## - SUBJECT ADDED ENTRY--TOPICAL TERM
Topical term or geographic name entry element English language --Etymology.
9 (RLIN) 111564
942 ## - ADDED ENTRY ELEMENTS (KOHA)
Source of classification or shelving scheme
Koha item type Book
Holdings
Withdrawn status Lost status Source of classification or shelving scheme Damaged status Not for loan Permanent Location Current Location Shelving location Date acquired Full call number Barcode Date last seen Price effective from Koha item type Public note
          Military College of Signals (MCS) Military College of Signals (MCS) General Stacks 12/12/2016 800,VAL MCS30192 12/08/2016 12/12/2016 Book Almirah No.75, Shelf No.3
© 2023 Central Library, National University of Sciences and Technology. All Rights Reserved.